Quizzes
Events
Quiz Creation
Community
Videos
Private Events
Remove Ads
Sign In
Join for FREE
Feedback
Dark Mode
Quiz Categories
Sports
Geography
Music
Movies
Television
Just For Fun
Miscellaneous
History
Literature
Language
Science
Gaming
Entertainment
Religion
Holiday
For Kids
Quiz Lab
Recent
Popular Today
Quiz Kudos Today
Editor Picks
Curator Picks
Quizzes by...
Day
Popularity
Type
Ratings
Length
Year
Community
Subscriptions
Recent Discussions
Orange Saloon
Badges
Playlists
Quests
Create
Leaderboards
Showdown
Live 5
Trivia Bingo
Activity
Puzzle Library
Sporcle Events
Private Events
Virtual Trivia
Globe League
Become a Host
Pub Owners
SporcleCon
Opinionation
Our Games
Videos
Blog
Mobile Apps
Partnerships
Remove Ads and Go Orange
Feedback
Sports
Athletes
MLB
NBA
NHL
NFL
Soccer
Sports Teams
WWE
NCAA
Football
Premier League
Basketball
Baseball
Hockey
Golf
Tennis
Cricket
Rugby
Auto Racing
Olympics
World Cup
Sports
Athletes
MLB
NBA
NHL
NFL
Soccer
Sports Teams
WWE
NCAA
Football
Premier League
Basketball
Baseball
Hockey
Golf
Tennis
Cricket
Rugby
Auto Racing
Olympics
World Cup
Random Quiz
Search Sporcle
×
Quiz Lab
Quiz Lab
Sports
Continent
Type in answers that appear in a list
Type in answers that appear in a list
Classic
Best Score? Go Orange.
Countries that Visited MetsDaddy.com in 2015 Stats
Can you name the Countries that Visited MetsDaddy.com in 2015?
By
MetsDaddy
5m
66 Questions
15 Plays
15 Plays
15 Plays
Comments
Comments
Give Quiz Kudos
Give Quiz Kudos
-
- Ratings
hide this ad
More Info
Replay
Link that replays current quiz
Next Quiz
Link to next quiz in quiz playlist
You Got
0%
They Got
Avg Score
58%
Avg Friend Score
Upgrade to see
Score Distribution
Jump to the score distribution portion of the page
Score
0/66
Timer
05:00
0
Plays Today
Continent
Country
% Correct
North America
United States of America
100%
North America
Canada
93.3%
North America
Mexico
86.7%
Europe
France
80%
Australia
Australia
80%
Europe
Sweden
80%
Europe
Germany
80%
Europe
Greece
80%
South America
Brazil
73.3%
Asia
Japan
73.3%
Europe
Russia
73.3%
Europe
Italy
73.3%
Europe
Norway
73.3%
Asia
Hong Kong
73.3%
Europe
Poland
73.3%
South America
Chile
73.3%
North America
Panama
66.7%
Europpe
Switzerland
66.7%
Europe
Ireland
66.7%
Asia
South Korea
66.7%
South America
Colombia
66.7%
Europe
Denmark
66.7%
South America
Ecuador
66.7%
Europe
Turkey
66.7%
Australia
New Zealand
66.7%
Asia
Thailand
66.7%
North America
Bahamas
66.7%
North America
Dominican Republic
60%
Europe
Spain
60%
Europe
Finland
60%
South America
Venezuela
60%
Europe
Netherlands
60%
Asia
India
60%
Continent
Country
% Correct
South America
Argentina
60%
North America
Costa Rica
60%
Europe
Belgium
60%
Europe
Hungary
60%
Europe
Austria
60%
South America
Uruguay
60%
South America
Peru
60%
Europe
Slovenia
60%
South America
Paraguay
60%
Europe
Great Britain
53.3%
Asia
Philippines
53.3%
Europe
Portugal
53.3%
Asia
Singapore
53.3%
Asia
Indonesia
53.3%
Europe
Croatia
53.3%
North America
Nicaragua
53.3%
Europe
Czech Republic
53.3%
Europe
Slovakia
53.3%
North America
Puerto Rico
46.7%
Africa
South Africa
46.7%
Asia
Israel
40%
Asia
Taiwan
40%
Asia
Malaysia
40%
Asia
Saudi Arabia
40%
Europe
Macedonia
33.3%
North America
Trinidad & Tobago
33.3%
Europe
Albania
33.3%
North America
Aruba
26.7%
North America
Cayman Islands
26.7%
Africa
Namibia
26.7%
North America
U.S. Virgin Islands
26.7%
North America
British Virgin Islands
26.7%
Asia
Kyrgyzstan
20%
Quiz Playlist
Details
Report
Send in Message
Add To Playlist
More Info:
If you enjoyed this quiz, please visit metsdaddy.com
Classic:
Type in answers that appear in a list
Last Updated: Feb 16, 2017
Quiz Scoreboard
CHALLENGE
Sign Up to Join the Scoreboard
Show All
Scores
Hide
Comments
May contain spoilers
Recently Published
Movies - When Are They Set?
by FPL_Elf
Movies
5m
Popular People in 1961
by mucciniale
History
6m
1-10 Letter E Words III
by El_Dandy
Language
2m
More to Explore
Quiz From the Vault
Featured Blog Post
Where Did the Easter Bunny Come From?
hide this ad
You Might Also Like...
Tags
Continent Quiz
Country Quiz
2015
Visited
Today's Top Quizzes in Sports
Browse Sports
hide this ad
Today's Top Quizzes in Continent
Browse Continent
Top Contributed Quizzes in Sports
1
Les meilleurs buteurs des matchs entre le PSG et l’OM
2
Les entraîneurs de l'OM et du PSG au 21e siècle
3
FIFA Club World Cup Champions
4
2022 World Cup Stars
5
Name the Premier League winners with different clubs
6
La finale Lions - Afrique du Sud 2021
7
Criteria MLB: Left Handed Sluggers
8
Players with Multiple 50 Home Run Seasons
9
MLB Players with Two .350 Batting Average Seasons
10
MLB Hall of Famer by Rings
Explore More
Trending Topics
Marvel
Kpop
Harry Potter
Anime
Crossword
NBA
Disney
WWE
Song
Soccer
Pokémon
Puzzle
NFL
The Office
Country
hide this ad
More By:
MetsDaddy
Quiz
Plays
Rating
Category
Featured
Created
Home Run Derby Winners Who Led League in Homers
4,787
5.00
Sports
Jul 11, 2019
Back To Back Cy Young Award Winners
1,372
4.33
Sports
Aug 1, 2019
Every MLB Teams Best Catcher
1,311
3.29
Sports
May 27, 2020
Pitchers Who Have Won Three Cy Young Awards
1,184
4.83
Sports
Feb 20, 2020
MLB Players With Number Retired By Multiple Teams
1,136
4.30
Sports
Feb 7, 2019
Go to Creator's Profile
Score Distribution
Quiz Creator Spotlight
MetsDaddy
Follow
Send a Message
Quizzes Created
-
Created Quiz Play Count
-
More By This Creator
Popular Quizzes Today
1
Find the US States - No Outlines Minefield
2
Find the Countries of Europe - No Outlines Minefield
3
The Countries of the World
4
Popular People in 1961
5
1-10 Letter E Words III
6
US States
7
Find the US States
8
One Thing in Common: World Cities II
More Sports Quizzes
Россия-Нидерланды 2008
Quiz Lab
Trending Quizzes
Risky Map Clicking: Least Populous States A-Z
1-10 Letter F Words
1-10 Letter G Words
One Thing in Common: United Kingdom
Risky Map Clicking: Next State Alphabetically
Recently Updated
Leaping Animals
pecheneg
Reality TV Shows (A-Z)
bhenderson79
Rickey Henderson's Hall of Fame Teammates
pecheneg
Champions League XIs: Arsenal
pecheneg
Quick Pick: Celebrities in WWE's Hall of Fame
aduchscher
A-Z Keypad Blitz II
pecheneg
Multiple Oscar Actors
pecheneg
Mystery Phrase Blitz: Oscar 'Best Actors'
pecheneg
F. Scott Fitzgerald Novels
LTH
Pick 3 Villains
ddd62291
Trending Topics
NBA
Anime
Crossword
Harry Potter
Marvel
Disney
Kpop
Song
WWE
NFL
Soccer
Pokémon
The Office
Puzzle
Country
Your Account Isn't Verified!
In order to create a playlist on Sporcle, you need to verify the email address you used during registration. Go to your
Sporcle Settings
to finish the process.
Report this User
Report this user for behavior that violates our
Community Guidelines
.
Details:
Send Report
Go to the Sporcle.com Mobile Site →
Comments